Liquefied natural gas : the law and business of LNG /
Guardado en:
| Otros Autores: | |
|---|---|
| Formato: | Libro |
| Idioma: | English |
| Publicado: |
London, United Kingdom :
Globe Law and Business,
[2012]
|
| Edición: | Second edition. |
| Materias: | |
| Etiquetas: |
Agregar Etiqueta
Sin Etiquetas, Sea el primero en etiquetar este registro!
|
| LEADER | 01193cam a2200313 a 4500 | ||
|---|---|---|---|
| 001 | EIQ.libpla004580 | ||
| 008 | 140829s2012####enkab####b####000#0#eng#d | ||
| 005 | 20160406151732.0 | ||
| 245 | 0 | 0 | |a Liquefied natural gas : |b the law and business of LNG / |c consulting editor, Paul Griffin. |
| 250 | |a Second edition. | ||
| 264 | 1 | |a London, United Kingdom : |b Globe Law and Business, |c [2012] | |
| 300 | |a 293 pages : |b illustrations, 1 map ; |c 24 cm. | ||
| 336 | |a text |b txt |2 rdacontent | ||
| 337 | |a unmediated |b n |2 rdamedia | ||
| 338 | |a volume |b nc |2 rdacarrier | ||
| 504 | |a Incluye referencias bibliográficas. | ||
| 020 | |a 9781905783649 | ||
| 020 | |a 1905783647 | ||
| 700 | 1 | |a Griffin, Paul |c (Lawyer), |e editor. | |
| 082 | 0 | 4 | |a 338.4766573 |2 23 |
| 650 | 0 | |a Liquefied natural gas |x Law and legislation. | |
| 650 | 0 | |a Liquefied natural gas industry. |x LNG | |
| 650 | 0 | |a Gas natural licuado |x Ley y legislación | |
| 650 | 0 | |a Industria del gas licuado natural | |
| 010 | |a 2014427639 | ||
| 016 | 7 | |a 016042679 |2 Uk | |
| 040 | |a UVL |b eng |e rda |c UVL |d YDXCP |d BWK |d UAB |d UKMGB |d NLE |d LGG |d CDX |d OCLCF |d OCLCO |d OCLCQ |d DLC | ||
| 050 | 0 | 0 | |a K3915 |b .L57 2012 |
| 859 | |a AR-BbSID |b BIB. PLAPIQUI |h 338.4766573 |i L669 |p 6474 | ||
